header

Therapeutic nursing (Record no. 73986)

MARC details
000 -LEADER
fixed length control field 01269nam a2200337Ia 4500
082 04 - DEWEY DECIMAL CLASSIFICATION NUMBER
Classification number 610.73
245 00 - TITLE STATEMENT
Title Therapeutic nursing
260 ## - PUBLICATION, DISTRIBUTION, ETC. (IMPRINT)
Place of publication London ;
-- Thousand Oaks :
Name of publisher SAGE,
Year of publication 2002.
300 ## - PHYSICAL DESCRIPTION
Number of Pages xi, 198 p. :
Other physical details ill.
650 #0 - SUBJECT ADDED ENTRY--TOPICAL TERM
Topical Term Introspection.
Topical Term Nursing.
Topical Term Self-knowledge, Theory of.
700 1# - ADDED ENTRY--PERSONAL NAME
Personal name Freshwater, Dawn.
856 40 - ELECTRONIC LOCATION AND ACCESS
Uniform Resource Identifier http://site.ebrary.com/lib/rucke/Doc?id=10076746

No items available.

© 2026 Rongo University
Contact us: librarian | system librarian | Rongo university